Census County Divisions of California With a Map - Statistics

General Stats
  • This quiz has been taken 642 times
    590 since last reset
  • The average score is 79 of 404
Answers on the Map
Answers color-coded by a green-red scale on the quiz's map according to % correct below.
 
Answer Stats
County CCD % Correct
Los Angeles Los Angeles
88%
San Diego San Diego
82%
Santa Clara San Jose
76%
Alameda Oakland
75%
Sacramento Sacramento
75%
Orange Anaheim-SantaAna-Garden Grove
72%
Fresno Fresno
72%
San Bernardino San Bernardino
71%
San Bernardino Newberry Springs-Baker
68%
Riverside Riverside
68%
Santa Barbara Santa Barbara
68%
Kern Bakersfield
67%
Los Angeles Long Beach-Lakewood
67%
Alameda Alameda
60%
Orange Irvine-Lake Forest
60%
Santa Cruz Santa Cruz
60%
Napa Napa
59%
San Joaquin Stockton
59%
Humboldt Eureka
57%
Merced Merced
57%
San Francisco Merced-McLaren
57%
San Luis Obispo San Luis Obispo
57%
Los Angeles Santa Monica
57%
Ventura Ventura
57%
San Mateo San Mateo
56%
Monterey Seaside-Monterey
56%
Shasta Redding
55%
Los Angeles Pasadena
54%
Alameda Berkeley
53%
Alameda Fremont
52%
Imperial Imperial
52%
San Diego Oceanside-Escondido
52%
Sonoma Santa Rosa
52%
Stanislaus Modesto
51%
Los Angeles Agoura Hills-Malibu
50%
Ventura Oxnard
49%
Riverside Palm Springs
49%
Butte Chico
48%
Los Angeles Compton
46%
Santa Barbara Santa Maria
46%
Ventura Thousand Oaks
46%
San Diego Alpine
45%
Monterey Salinas
45%
Sonoma Sonoma
45%
Tulare Tulare
45%
Solano Vallejo
45%
Madera Madera
44%
Imperial Calexico
43%
Yolo Davis
43%
San Francisco Richmond-Presidio-Marina
43%
Mendocino Mendocino
41%
San Bernardino Ontario
41%
Los Angeles Torrance
41%
Tulare Visalia
41%
Fresno Sierra
40%
Los Angeles Inglewood
39%
Placer Lake Tahoe
39%
San Francisco Mission-Bernal
39%
Ventura Simi Valley
39%
Sutter Yuba City
39%
Monterey Carmel-by-the-Sea
38%
Alameda Hayward
38%
Placer Roseville
38%
Riverside Corona
37%
Mariposa Mariposa
37%
San Bernardino Victorville-Hesperia
37%
Contra Costa Antioch-Pittsburg
36%
Del Norte Crescent City
36%
Sacramento Elk Grove
36%
San Benito San Benito-Bitterwater
36%
Fresno San Joaquin-Tranquillity
36%
San Mateo South San Francisco
36%
Riverside Cathedral City-Palm Desert
35%
Solano Vacaville
33%
San Bernardino Barstow
32%
Los Angeles Downey-Norwalk
32%
Imperial El Centro
32%
Alameda Livermore-Pleasanton
32%
El Dorado South Lake Tahoe
32%
Siskiyou Yreka
32%
Marin San Rafael
31%
Sutter Sutter
31%
Inyo Death Valley
30%
Solano Fairfield-Suisun City
30%
San Bernardino Needles
30%
Orange Mission Viejo
29%
Riverside Murrieta
29%
El Dorado Placerville
29%
Sacramento Folsom
28%
Sonoma Petaluma
28%
San Joaquin Tracy
28%
San Francisco Downtown-NortheastNeighborhoods-Treasure Island
27%
San Mateo Half Moon Bay
27%
Kings Hanford
27%
Riverside Hemet-San Jacinto
27%
San Joaquin Lodi
27%
Lassen Susanville
27%
Los Angeles Whittier
27%
San Diego Laguna-Pine Valley
26%
Placer Lincoln
26%
Santa Barbara Lompoc
26%
Los Angeles Palos Verdes
26%
Los Angeles San Fernando Valley
25%
San Bernardino Twentynine Palms-Yucca Valley
25%
Humboldt Arcata
24%
Monterey Big Sur
24%
Kern Delano-McFarland
24%
Ventura Ojai-Mira Monte
24%
Butte Paradise
24%
Siskiyou Weed
24%
Riverside Blythe
23%
Siskiyou Mount Shasta
23%
Nevada Nevada City
23%
Marin Novato
23%
Los Angeles South Gate-East Los Angeles
23%
San Francisco Sunset
23%
Santa Cruz Watsonville
23%
Placer Auburn
22%
San Bernardino Big Bear
22%
San Benito Hollister
22%
Riverside Jurupa
22%
Mono Mammoth Lakes
22%
San Joaquin Manteca
22%
Butte Oroville
22%
San Luis Obispo Paso Robles
22%
Tehama Red Bluff
22%
Stanislaus Turlock
22%
Mendocino Ukiah
22%
Inyo Bishop
21%
Lake Clearlake
21%
Santa Barbara Solvang-Santa Ynez
21%
Yolo Woodland
21%
Ventura Camarillo
20%
Mendocino Fort Bragg
20%
Merced Los Banos
20%
Tulare Porterville
20%
Tuolumne Sonora
20%
Ventura Fillmore
19%
Lake Lakeport
19%
Ventura Santa Paula
19%
Modoc Alturas
18%
Imperial Brawley
18%
Nevada Grass Valley
18%
Inyo Independence
18%
Monterey King City
18%
San Diego Camp Pendleton
17%
Amador Jackson
17%
Yuba Marysville
17%
Placer Rocklin
17%
San Luis Obispo Atascadero
16%
San Francisco Bayview
16%
Santa Barbara Carpinteria
16%
Madera Chowchilla
16%
Solano Dixon
16%
Del Norte Klamath
16%
Riverside Norco
16%
Fresno Selma
16%
Monterey Soledad
16%
San Francisco SoMa-Potrero-Mission Bay
16%
Kern Tehachapi
16%
Orange Central Coast
15%
Fresno Coalinga
15%
Sacramento Galt
15%
Santa Barbara Guadalupe
15%
Alpine Markleeville
15%
Orange | San Luis Obispo North Coast
15%
San Diego Ramona
15%
Sacramento Rancho Cordova
15%
Sonoma Sebastopol
15%
Kern Shafter
15%
Orange South Coast
15%
Siskiyou Tulelake
15%
Kern Wasco
15%
San Bernardino Yucaipa
15%
San Luis Obispo Arroyo Grande
14%
Merced Atwater
14%
Humboldt Fortuna
14%
Kern Greenfield-Panama
14%
Merced Livingston-Delhi
14%
Inyo Lone Pine
14%
Ventura Moorpark
14%
Stanislaus Oakdale
14%
San Diego Palomar-Julian
14%
Fresno Sanger
14%
Kings Avenal
13%
Riverside Coachella Valley
13%
Kings Corcoran
13%
Monterey Gonzales
13%
Monterey Greenfield
13%
Stanislaus Patterson
13%
Plumas Portola
13%
Kern Arvin-Lamont
12%
Imperial Calipatria-Westmorland
12%
Contra Costa Central Contra Costa
12%
Plumas Chester
12%
Nevada Donner
12%
Contra Costa East Contra Costa
12%
Kern East Kern
12%
San Diego Fallbrook
12%
Sonoma Healdsburg
12%
Imperial Holtville
12%
Fresno Kerman
12%
San Joaquin Ripon
12%
Napa St. Helena
12%
Contra Costa West Contra Costa
12%
Napa Calistoga
11%
Sonoma Cloverdale-Geyserville
11%
Riverside Desert Hot Springs
11%
Tulare Dinuba
11%
Butte Durham
11%
Siskiyou Fort Jones
11%
Amador Ione
11%
San Diego Jamul
11%
San Bernardino Lake Arrowhead
11%
Kern Lake Isabella
11%
Kings Lemoore
11%
Lake Lower Lake
11%
Lake Lucerne-Clearlake Oaks
11%
Mono North Mono
11%
Glenn Orland
11%
Plumas Quincy
11%
Fresno Reedley
11%
Solano Rio Vista
11%
Monterey San Ardo
11%
San Benito San Juan Bautista
11%
Lake Upper Lake-Nice
11%
Imperial West Imperial
11%
Kern West Kern
11%
Santa Clara West Santa Clara
11%
Mendocino Willits
11%
Glenn Willows
11%
Imperial Winterhaven-Bard
11%
San Diego Borrego Springs
10%
Kern Buttonwillow
10%
Monterey Carmel Valley
10%
Monterey Castroville
10%
Tehama Corning
10%
Siskiyou Dunsmuir
10%
Imperial East Imperial
10%
Los Angeles East San Gabriel Valley
10%
Yuba East Yuba-Beale AFB
10%
Tulare Exeter
10%
Humboldt Ferndale
10%
Fresno Firebaugh
10%
Fresno Kingsburg
10%
Yuba Linda
10%
Ventura Los Padres
10%
Stanislaus Newman
10%
Los Angeles North Antelope Valley
10%
El Dorado North El Dorado
10%
Marin Northwest Marin
10%
Butte Palermo
10%
Kern Rosedale
10%
Sonoma Russian River-Sonoma Coast
10%
Calaveras San Andreas
10%
El Dorado South El Dorado
10%
Amador Sutter Creek-Plymouth
10%
Ventura Triunfo Pass-Point Mugu
10%
Trinity Weaverville
10%
San Francisco Western Addition-BuenaVista-Eureka Valley
10%
Yolo Winters
10%
Mariposa Yosemite Valley
10%
Marin Bolinas
9%
Placer Colfax-Monumental Ridge
9%
Mendocino Covelo
9%
Santa Barbara Cuyama
9%
Merced Dos Palos
9%
Sierra East Sierra
9%
San Joaquin Escalon
9%
Siskiyou Etna
9%
Fresno Fowler
9%
Siskiyou Hornbrook-Hilt
9%
Fresno Huron
9%
Sacramento Isleton
9%
Tulare Lindsay
9%
Fresno Mendota
9%
San Bernardino Mount Baldy-Wrightwood
9%
Los Angeles Newhall
9%
Fresno Orange Cove
9%
Fresno Parlier-Del Rey
9%
Fresno Riverdale
9%
Orange Silverado
9%
Del Norte Smith River-Gasquet
9%
Los Angeles South Antelope Valley
9%
Los Angeles South Bay Cities
9%
Marin Southeast Marin
9%
San Diego Valley Center
9%
Santa Cruz West Santa Cruz
9%
Sierra West Sierra
9%
Lassen Westwood
9%
Yuba Wheatland
9%
Tulare Woodlake-Three Rivers
9%
Colusa Central Colusa
8%
Colusa East Colusa
8%
Yolo East Yolo
8%
Placer Foresthill-Back Country
8%
Merced Gustine
8%
Siskiyou Happy Camp
8%
Riverside Perris Valley
8%
Mendocino Point Arena
8%
Stanislaus Salida
8%
Los Angeles Southwest San Gabriel Valley
8%
Los Angeles Upper San Gabriel Valley
8%
Stanislaus Waterford
8%
Colusa West Colusa
8%
Butte Biggs
7%
Contra Costa Briones
7%
Shasta East Shasta
7%
Tehama East Tehama
7%
Riverside Elsinore Valley
7%
Plumas Greenville
7%
Butte Gridley
7%
Trinity Hayfork
7%
Merced Hilmar-Irwin
7%
Stanislaus Hughson
7%
Lake Kelseyville
7%
Santa Clara Lexington Hills
7%
San Joaquin Linden-Farmington
7%
Sutter Live Oak
7%
Lake Middletown
7%
Siskiyou Montague
7%
Madera Oakhurst-North Fork
7%
Yuba Olivehurst
7%
Monterey Pajaro
7%
San Diego Pauma Valley
7%
San Bernardino Searles Valley
7%
Kings Stratford
7%
Tuolumne Twain Harte-Tuolumne City
7%
Stanislaus Westport
7%
Tehama West Tehama
7%
Madera Yosemite Lakes
7%
Modoc Adin-Lookout
6%
Calaveras Arnold-West Point
6%
Siskiyou Butte Valley
6%
Shasta Central Shasta
6%
Riverside Chuckwalla Valley
6%
Yolo Clarksburg
6%
Santa Clara Diablo Range
6%
Tulare Earlimart
6%
Tuolumne East Sonora-Phoenix Lake
6%
Yolo Esparto
6%
Humboldt Garberville
6%
Tuolumne Groveland
6%
Yolo Knights Landing
6%
Riverside Lake Mathews
6%
Ventura Las Posas
6%
Fresno Laton
6%
Mendocino Laytonville-Leggett
6%
San Joaquin Lockeford
6%
Siskiyou McCloud-Medicine Lake
6%
Modoc Newell
6%
Tulare Orosi-Cutler
6%
Tulare Pixley
6%
Marin Ross Valley
6%
Santa Clara South Santa Clara Valley
6%
Sutter South Sutter
6%
Shasta Southwest Shasta
6%
Tulare Springville-Johnsondale
6%
San Joaquin Thornton
6%
Tulare Tipton
6%
Humboldt Willow Creek-Hoopa Valley
6%
Napa Angwin
5%
Fresno Caruthers-Raisin City
5%
Lake Clearlake Riviera
5%
Lake Cobb
5%
Plumas Graeagle
5%
Kings Hanford Northeast
5%
Mendocino Hopland
5%
Riverside Idyllwild
5%
Tulare Ivanhoe
5%
Napa Lake Berryessa
5%
Lassen Madeline Plains
5%
Madera Madera West
5%
Trinity Mad River
5%
Yuba Marysville Northeast
5%
San Diego Mountain Empire
5%
Humboldt North Coastal
5%
Trinity Northwest Trinity
5%
Amador Pine Grove-Silver Lake
5%
Merced Planada-Le Grand
5%
Mendocino Redwood Valley-Potter Valley
5%
Shasta Sacramento Canyon
5%
Riverside San Gorgonio Pass
5%
Santa Cruz San Lorenzo Valley
5%
Sacramento Sloughhouse
5%
Merced Snelling
5%
Tulare Strathmore
5%
Santa Cruz Summit Road
5%
Modoc Surprise Valley
5%
Contra Costa Tassajara
5%
Tulare Terra Bella
5%
Monterey Toro Park
5%
Calaveras Angels City
4%
Lassen Big Valley
4%
Mariposa Coulterville
4%
Butte Feather Falls
4%
Plumas Feather River Canyon
4%
Lassen Honey Lake
4%
Santa Clara Llagas-Uvas
4%
Madera Madera Southeast
4%
Sutter Meridian-Robbins
4%
Sutter Yuba City Southwest
4%
Yuba Yuba Foothills
4%
No matching quizzes found
Score Distribution
Percent of People with Each Score
Percentile by Number Answered
Your Score History
You have not taken this quiz since the last reset